=LDR 00000nam 2200000 4500 =001 000174 =020 $9786025644481 =082 $153.800 =100 $Chibita Wiranegara =245 $Dahsyatnya percaya diri =250 $Cetakan I =264 $Yogyakarta: Indoliterasi 2024 =300 $100 halaman; 20 cm. =650 $Psikologi =905 $153.8 CHI d =336 $$a =337 $$a =338 $$a =005 20260702151432.0 =008 260702s2026\\\\\\\\\\\\\\\\\\\\\\\\\\\\\\\\\\\\\\\\\